000 02115cam a2200169 4500500
005 20260208013556.0
041 _afre
042 _adc
100 1 0 _aBacot, Jean-Pierre
_eauthor
245 0 0 _aLes inventaires de L’IMEC De Olivier CARIGUEL et Caroline HOCTAN (Dir.) Par Jean-Pierre BACOT
260 _c2007.
500 _a94
520 _aL’environnement médiatique, l’entreprise de presse et les pratiques journalistiques ont connu un changement de configuration entre 1945 et 2005. La configuration formée par l’environnement médiatique mondial et le jeu des acteurs est passée d’une régulation politique à une régulation commerciale. Cela a entraîné des transformations de la dépêche (contenus élargis, fragmentation des textes, multiplication des analyses). Par ailleurs, au journalisme événementiel privilégiant l’événement à la description du contexte et à l’explication de l’événement succède dans les années quatrevingt, le journalisme situationnel. Le contexte de surabondance de l’information incite les journalistes à se distinguer de leurs concurrents en ajoutant un élément de distinction à leur production.
520 _aTRANSFORMATION OF CONTENT AND THE JOURNALISTIC MODEL The agency dispatch The configuration of the media environment, press agencies and journalistic practices changed in the period from 1945 to 2005. The international media environment and the way in which the actors within it functioned, shifted from political regulation to commercial regulation. This led to changes in the format of dispatches (broader content, fragmented texts, multiplication of analyses). In the eighties the focus on events rather than description of context and explanation was succeeded by situational journalism. In today’s context of over-abundance of information, journalists differentiate themselves from their rivals by adding an element of distinction to their work.
786 0 _nRéseaux | 143 | 4 | 2007-11-22 | p. 263d-283d | 0751-7971
856 4 1 _uhttps://shs.cairn.info/revue-reseaux1-2007-4-page-263d?lang=fr&redirect-ssocas=7080
999 _c1660437
_d1660437